意外的管书人生 (Record no. 65563)

000 -LEADER
fixed length control field 00484nam a22001937a 4500
003 - CONTROL NUMBER IDENTIFIER
control field MPLRDC
005 - DATE AND TIME OF LATEST TRANSACTION
control field 20220104194208.0
008 - FIXED-LENGTH DATA ELEMENTS--GENERAL INFORMATION
fixed length control field 210129b ||||| |||| 00| 0 eng d
020 ## - INTERNATIONAL STANDARD BOOK NUMBER
International Standard Book Number 978-986-235-286-1
082 ## - DEWEY DECIMAL CLASSIFICATION NUMBER
Classification number 024.48 STE
100 ## - MAIN ENTRY--PERSONAL NAME
Personal name AVI STEINBERG
245 ## - TITLE STATEMENT
Title 意外的管书人生
Statement of responsibility, etc. 沈聿德 译
250 ## - EDITION STATEMENT
Edition statement 初版
260 ## - PUBLICATION, DISTRIBUTION, ETC.
Place of publication, distribution, etc. 台湾
Name of publisher, distributor, etc. 脸谱出版
Date of publication, distribution, etc. 2013
300 ## - PHYSICAL DESCRIPTION
Other physical details
490 ## - SERIES STATEMENT
Series statement 脸谱书房: 31
650 ## - SUBJECT ADDED ENTRY--TOPICAL TERM
Topical term or geographic name entry element 监狱图书馆
942 ## - ADDED ENTRY ELEMENTS (KOHA)
Koha item type Book
-- 024.48 STE
Holdings
Withdrawn status Lost status Source of classification or shelving scheme Damaged status Not for loan Collection code Home library Current library Shelving location Date acquired Cost, normal purchase price Total Checkouts Total Renewals Full call number Barcode Date last seen Date last checked out Price effective from Koha item type Public note
            Malaysian Public Library, Research and Development Centre Malaysian Public Library, Research and Development Centre   07/10/2015 51.40   2 024.48 STE 00059433 18/03/2021 31/01/2016 18/03/2021 Book mplrdc

© 2022. Malaysian Public Library, Research and Development Centre. All Right ReservedE-mailmplrdc@help.edu.my 

Powered by Koha